000 00407nab a2200145Ia 4500
003 ES-SlBCS
005 20211208011006.0
008 140529s1985 xxu||||| |||| 00| 0 spa d
041 _aspa
100 1 _aTrigo, Pedro
_95394
245 0 0 _aLa dialéctica en Doña Bárbara
_c Pedro Trigo
600 1 4 _aDoña Bárbara
_9220508
773 0 _tAnthropos
_gvol. 6, nº. 10, 1985, págs. 93-121
_wRev38
942 _cAR
999 _c615386
_d615386